Európska stratégia zamestnanosti v kontexte stratégie Európa 2020 bakalárska práca

Gespeichert in:
Bibliographische Detailangaben
1. Verfasser: Verbeníková, Katarína
Körperschaft: Národohospodárska fakulta EU. Katedra sociálneho rozvoja a práce
Weitere Verfasser: Klimko, Roman, 1985-
Format: Buch
Sprache:Slowakisch
Veröffentlicht: Bratislava 2015
Tags: Tag hinzufügen
Keine Tags, Fügen Sie das erste Tag hinzu!

MARC

LEADER 00000nbm a2200000 4500
001 0205037
005 20161212094943.8
041 0 |a slo 
044 |a SK 
245 1 0 |a Európska stratégia zamestnanosti v kontexte stratégie Európa 2020  |b bakalárska práca  |c Katarína Verbeníková ; školiteľ: Roman Klimko 
264 1 |a Bratislava  |c 2015 
300 |a 66 s. 
100 1 |a Verbeníková, Katarína 
700 1 |a Klimko, Roman, 1985- 
710 2 |a Národohospodárska fakulta EU. Katedra sociálneho rozvoja a práce